Normal view
MARC view
Entry Personal Name
001 - CONTROL NUMBER
- control field: 2704
003 - CONTROL NUMBER IDENTIFIER
- control field: BD-RjUL
005 - DATE AND TIME OF LATEST TRANSACTION
- control field: 20220423145753.0
008 - FIXED-LENGTH DATA ELEMENTS
- fixed length control field: 220423|| aca||aabn | a|a d
040 ## - CATALOGING SOURCE
- Original cataloging agency: BD-RjUL
- Transcribing agency: BD-RjUL
100 ## - HEADING--PERSONAL NAME
- Chronological subdivision:
670 ## - SOURCE DATA FOUND
- Source citation: Work cat.: (BD-RjUL)79549: Hassan, A. F. M. Kamrul 1841, Impact of Financial Sector Reform on Financial Intermediation in Bangladesh -, 2005